Solubility of antioxidants in rubber (Record no. 68887)

MARC details
000 -LEADER
fixed length control field 00384nam a2200145Ia 4500
100 ## - MAIN ENTRY--AUTHOR NAME
Personal name Pushpa P Goonetilleke S A
245 #0 - TITLE STATEMENT
Title Solubility of antioxidants in rubber
260 ## - PUBLICATION, DISTRIBUTION, ETC. (IMPRINT)
Name of publisher Rubber Chemistry and Technology
Year of publication 1996
300 ## - PHYSICAL DESCRIPTION
Number of Pages 885-896
650 ## - SUBJECT ADDED ENTRY--TOPICAL TERM
Topical Term Antioxidants
650 ## - SUBJECT ADDED ENTRY--TOPICAL TERM
Topical Term Rubber
700 ## - ADDED ENTRY--PERSONAL NAME
Personal name Billingham N C
942 ## - ADDED ENTRY ELEMENTS (KOHA)
Koha item type Journals
Holdings
Withdrawn status Lost status Damaged status Not for loan Home library Current library Shelving location Date acquired Serial Enumeration / chronology Koha item type
      Journals RRII Library RRII Library Rubber chemistry 17/12/2021 Volume 69, Issue 5 Journals